Microeconomic foundations of macroeconomics: Proceedings (Record no. 28205)

MARC details
000 -LEADER
fixed length control field 00337nam a2200121Ia 4500
082 ## - DEWEY DECIMAL CLASSIFICATION NUMBER
Classification number 330.101.54(06)
Item number HAR
245 #0 - TITLE STATEMENT
Title Microeconomic foundations of macroeconomics: Proceedings
260 ## - PUBLICATION, DISTRIBUTION, ETC. (IMPRINT)
Place of publication London
Name of publisher Macmillan
Year of publication 1977
650 ## - SUBJECT ADDED ENTRY--TOPICAL TERM
Topical Term Macroeconomics
700 ## - ADDED ENTRY--PERSONAL NAME
Personal name HARCOURT, G C
942 ## - ADDED ENTRY ELEMENTS (KOHA)
Koha item type Books
Holdings
Withdrawn status Lost status Damaged status Not for loan Home library Current library Date acquired Full call number Accession Number Koha item type
        RRII Library RRII Library 16/12/2021 330.101.54(06) HAR 08813 Books